000 00302nam a2200109Ia 4500
008 210430s9999 xx 000 0 und d
082 _a954.9205 C5451I
100 _aLt Col SS Chowdhary
_954632
245 _aI Was A Prisoner of War In Pakistan
_cLt Col SS Chowdhary
300 _a94
942 _cBK
_2ddc
999 _c565269
_d565269